<?xml version="1.0" encoding="UTF-8"?>
<record
    xmlns:xsi="http://www.w3.org/2001/XMLSchema-instance"
    xsi:schemaLocation="http://www.loc.gov/MARC21/slim http://www.loc.gov/standards/marcxml/schema/MARC21slim.xsd"
    xmlns="http://www.loc.gov/MARC21/slim">

  <leader>00368nam a2200145Ia 4500</leader>
  <controlfield tag="008">150201s2005    xx            000 0 und d</controlfield>
  <datafield tag="082" ind1=" " ind2=" ">
    <subfield code="a">611</subfield>
    <subfield code="b">T2005S</subfield>
  </datafield>
  <datafield tag="100" ind1=" " ind2=" ">
    <subfield code="a">SINGH, INDERBEER</subfield>
  </datafield>
  <datafield tag="245" ind1=" " ind2=" ">
    <subfield code="a">TEXT BOOK OFANATOMY WITH COLOUR ATLAS-3</subfield>
  </datafield>
  <datafield tag="250" ind1=" " ind2=" ">
    <subfield code="a">3RD</subfield>
  </datafield>
  <datafield tag="260" ind1=" " ind2=" ">
    <subfield code="b">JAYPEE MEDICAL PUBLISHER</subfield>
    <subfield code="a">DELHI</subfield>
    <subfield code="c">2005</subfield>
  </datafield>
  <datafield tag="300" ind1=" " ind2=" ">
    <subfield code="a">1-1155</subfield>
  </datafield>
  <datafield tag="650" ind1=" " ind2=" ">
    <subfield code="a">ANATOMY</subfield>
  </datafield>
  <datafield tag="942" ind1=" " ind2=" ">
    <subfield code="2">ddc</subfield>
    <subfield code="c">BK</subfield>
  </datafield>
  <datafield tag="952" ind1=" " ind2=" ">
    <subfield code="0">0</subfield>
    <subfield code="1">0</subfield>
    <subfield code="2">ddc</subfield>
    <subfield code="4">0</subfield>
    <subfield code="7">0</subfield>
    <subfield code="a">FD</subfield>
    <subfield code="b">FD</subfield>
    <subfield code="d">2006-01-03</subfield>
    <subfield code="e">U.B.S.DELHI</subfield>
    <subfield code="g">300.00</subfield>
    <subfield code="h">3</subfield>
    <subfield code="i">SGTU</subfield>
    <subfield code="l">0</subfield>
    <subfield code="o">611 T2005S</subfield>
    <subfield code="p">FD3522</subfield>
    <subfield code="r">2015-02-09 00:00:00</subfield>
    <subfield code="w">2012-05-16</subfield>
    <subfield code="y">BK</subfield>
    <subfield code="k">825/838</subfield>
  </datafield>
  <datafield tag="952" ind1=" " ind2=" ">
    <subfield code="0">0</subfield>
    <subfield code="1">0</subfield>
    <subfield code="2">ddc</subfield>
    <subfield code="4">0</subfield>
    <subfield code="7">0</subfield>
    <subfield code="a">FD</subfield>
    <subfield code="b">FD</subfield>
    <subfield code="d">2006-01-03</subfield>
    <subfield code="e">U.B.S.DELHI</subfield>
    <subfield code="g">300.00</subfield>
    <subfield code="h">3</subfield>
    <subfield code="i">SGTU</subfield>
    <subfield code="l">3</subfield>
    <subfield code="o">611 T2005S</subfield>
    <subfield code="p">FD3523</subfield>
    <subfield code="r">2021-03-24 00:00:00</subfield>
    <subfield code="s">2021-03-16</subfield>
    <subfield code="w">2012-05-16</subfield>
    <subfield code="y">BK</subfield>
    <subfield code="k">825/838</subfield>
  </datafield>
  <datafield tag="952" ind1=" " ind2=" ">
    <subfield code="0">0</subfield>
    <subfield code="1">0</subfield>
    <subfield code="2">ddc</subfield>
    <subfield code="4">0</subfield>
    <subfield code="7">0</subfield>
    <subfield code="a">FD</subfield>
    <subfield code="b">FD</subfield>
    <subfield code="d">2006-01-03</subfield>
    <subfield code="e">U.B.S.DELHI</subfield>
    <subfield code="g">300.00</subfield>
    <subfield code="h">3</subfield>
    <subfield code="i">SGTU</subfield>
    <subfield code="l">0</subfield>
    <subfield code="o">611 T2005S</subfield>
    <subfield code="p">FD3524</subfield>
    <subfield code="r">2015-02-09 00:00:00</subfield>
    <subfield code="w">2012-05-16</subfield>
    <subfield code="y">BK</subfield>
    <subfield code="k">825/838</subfield>
  </datafield>
  <datafield tag="952" ind1=" " ind2=" ">
    <subfield code="0">0</subfield>
    <subfield code="1">0</subfield>
    <subfield code="2">ddc</subfield>
    <subfield code="4">0</subfield>
    <subfield code="7">0</subfield>
    <subfield code="a">FD</subfield>
    <subfield code="b">FD</subfield>
    <subfield code="d">2006-01-03</subfield>
    <subfield code="e">U.B.S.DELHI</subfield>
    <subfield code="g">300.00</subfield>
    <subfield code="h">3</subfield>
    <subfield code="i">SGTU</subfield>
    <subfield code="l">0</subfield>
    <subfield code="o">611 T2005S</subfield>
    <subfield code="p">FD3525</subfield>
    <subfield code="r">2015-02-09 00:00:00</subfield>
    <subfield code="w">2012-05-16</subfield>
    <subfield code="y">BK</subfield>
    <subfield code="k">825/838</subfield>
  </datafield>
  <datafield tag="952" ind1=" " ind2=" ">
    <subfield code="0">0</subfield>
    <subfield code="1">0</subfield>
    <subfield code="2">ddc</subfield>
    <subfield code="4">0</subfield>
    <subfield code="7">0</subfield>
    <subfield code="a">FD</subfield>
    <subfield code="b">FD</subfield>
    <subfield code="d">2006-01-03</subfield>
    <subfield code="e">U.B.S.DELHI</subfield>
    <subfield code="g">300.00</subfield>
    <subfield code="h">3</subfield>
    <subfield code="i">SGTU</subfield>
    <subfield code="l">0</subfield>
    <subfield code="o">611 T2005S</subfield>
    <subfield code="p">FD3526</subfield>
    <subfield code="r">2015-02-09 00:00:00</subfield>
    <subfield code="w">2012-05-16</subfield>
    <subfield code="y">BK</subfield>
    <subfield code="k">825/838</subfield>
  </datafield>
  <datafield tag="952" ind1=" " ind2=" ">
    <subfield code="0">0</subfield>
    <subfield code="1">0</subfield>
    <subfield code="2">ddc</subfield>
    <subfield code="4">0</subfield>
    <subfield code="7">0</subfield>
    <subfield code="a">FD</subfield>
    <subfield code="b">FD</subfield>
    <subfield code="d">2006-01-03</subfield>
    <subfield code="e">U.B.S.DELHI</subfield>
    <subfield code="g">300.00</subfield>
    <subfield code="h">3</subfield>
    <subfield code="i">SGTU</subfield>
    <subfield code="l">0</subfield>
    <subfield code="o">611 T2005S</subfield>
    <subfield code="p">FD3527</subfield>
    <subfield code="r">2015-02-09 00:00:00</subfield>
    <subfield code="w">2012-05-16</subfield>
    <subfield code="y">BK</subfield>
    <subfield code="k">825/838</subfield>
  </datafield>
  <datafield tag="952" ind1=" " ind2=" ">
    <subfield code="0">0</subfield>
    <subfield code="1">0</subfield>
    <subfield code="2">ddc</subfield>
    <subfield code="4">0</subfield>
    <subfield code="7">0</subfield>
    <subfield code="a">FD</subfield>
    <subfield code="b">FD</subfield>
    <subfield code="d">2006-01-03</subfield>
    <subfield code="e">U.B.S.DELHI</subfield>
    <subfield code="g">300.00</subfield>
    <subfield code="h">3</subfield>
    <subfield code="i">SGTU</subfield>
    <subfield code="l">0</subfield>
    <subfield code="o">611 T2005S</subfield>
    <subfield code="p">FD3528</subfield>
    <subfield code="r">2015-02-09 00:00:00</subfield>
    <subfield code="w">2012-05-16</subfield>
    <subfield code="y">BK</subfield>
    <subfield code="k">825/838</subfield>
  </datafield>
  <datafield tag="952" ind1=" " ind2=" ">
    <subfield code="0">0</subfield>
    <subfield code="1">0</subfield>
    <subfield code="2">ddc</subfield>
    <subfield code="4">0</subfield>
    <subfield code="7">0</subfield>
    <subfield code="a">FD</subfield>
    <subfield code="b">FD</subfield>
    <subfield code="d">2006-01-03</subfield>
    <subfield code="e">U.B.S.DELHI</subfield>
    <subfield code="g">300.00</subfield>
    <subfield code="h">3</subfield>
    <subfield code="i">SGTU</subfield>
    <subfield code="l">1</subfield>
    <subfield code="o">611 T2005S</subfield>
    <subfield code="p">FD3529</subfield>
    <subfield code="r">2018-03-03 00:00:00</subfield>
    <subfield code="s">2018-02-20</subfield>
    <subfield code="w">2012-05-16</subfield>
    <subfield code="y">BK</subfield>
    <subfield code="k">825/838</subfield>
  </datafield>
  <datafield tag="952" ind1=" " ind2=" ">
    <subfield code="0">0</subfield>
    <subfield code="1">0</subfield>
    <subfield code="2">ddc</subfield>
    <subfield code="4">0</subfield>
    <subfield code="7">0</subfield>
    <subfield code="a">FD</subfield>
    <subfield code="b">FD</subfield>
    <subfield code="d">2006-01-03</subfield>
    <subfield code="e">U.B.S.DELHI</subfield>
    <subfield code="g">300.00</subfield>
    <subfield code="h">3</subfield>
    <subfield code="i">SGTU</subfield>
    <subfield code="l">0</subfield>
    <subfield code="o">611 T2005S</subfield>
    <subfield code="p">FD3530</subfield>
    <subfield code="r">2015-02-09 00:00:00</subfield>
    <subfield code="w">2012-05-16</subfield>
    <subfield code="y">BK</subfield>
    <subfield code="k">825/838</subfield>
  </datafield>
  <datafield tag="952" ind1=" " ind2=" ">
    <subfield code="0">0</subfield>
    <subfield code="1">0</subfield>
    <subfield code="2">ddc</subfield>
    <subfield code="4">0</subfield>
    <subfield code="7">0</subfield>
    <subfield code="a">FD</subfield>
    <subfield code="b">FD</subfield>
    <subfield code="d">2006-01-03</subfield>
    <subfield code="e">U.B.S.DELHI</subfield>
    <subfield code="g">300.00</subfield>
    <subfield code="h">3</subfield>
    <subfield code="i">SGTU</subfield>
    <subfield code="l">0</subfield>
    <subfield code="o">611 T2005S</subfield>
    <subfield code="p">FD3531</subfield>
    <subfield code="r">2015-02-09 00:00:00</subfield>
    <subfield code="w">2012-05-16</subfield>
    <subfield code="y">BK</subfield>
    <subfield code="k">825/838</subfield>
  </datafield>
  <datafield tag="999" ind1=" " ind2=" ">
    <subfield code="c">3315</subfield>
    <subfield code="d">3315</subfield>
  </datafield>
</record>
